Guía completa de fotografía
Saved in:
| Format: | Bog |
|---|---|
| Sprog: | spansk |
| Udgivet: |
Barcelona
Blume
1993
|
| Fag: | |
| Tags: |
Tilføj Tag
Ingen Tags, Vær først til at tagge denne postø!
|
MARC
| LEADER | 00000nam a2200000 a 4500 | ||
|---|---|---|---|
| 001 | UCY3041 | ||
| 003 | CL-VaPUC | ||
| 008 | 941206e19930000SP |||||||||||||||||spa|d | ||
| 082 | 0 | 4 | |a 770.28 |b GUI |2 21 |
| 245 | 1 | 0 | |a Guía completa de fotografía |
| 300 | |a 336 p | ||
| 942 | |c BK | ||
| 945 | |d 19941206 00:00:00 |a mfernand | ||
| 260 | |a Barcelona |b Blume |c 1993 | ||
| 650 | 7 | |a FOTOGRAFIA TECNICA |2 CL-VaPUC |9 308027 | |
| 583 | |a last modification |c 19941206 00:00:00 |k Rodrigo Vera | ||
| 999 | |c 231285 |d 231283 | ||